| 000 | 00515nam a2200169 a 4500 | ||
|---|---|---|---|
| 008 | 120416s1970 ||||||||||||||||| || u | ||
| 020 | _a0719520436 | ||
| 050 | _aQC 23 Dun | ||
| 100 | _aDuncan, Tom | ||
| 245 | 1 | 0 | _aExploring physics |
| 246 | _abook two | ||
| 250 | _a2nd ed. | ||
| 260 |
_aLondon _bJohn Murray _c1970 |
||
| 300 | _avi, 120p. : ill | ||
| 350 | _a0.00 | ||
| 995 |
_D0.00 _FCBU-MAIN LIBRARY (Kitwe) _H1 _I0.75 _UDAMAGED _ZMain Library Open Access Collection |
||
| 999 |
_c42966 _d42966 |
||